[Event "Athens Smaok U1900 op 35th"]
[Site "Athens"]
[Date "2016.03.18"]
[Round "3.21"]
[White "Kontodimas, Dimitrios"]
[Black "Loukopoulos, Stefanos"]
[Result "1/2-1/2"]
[WhiteElo "1260"]
[BlackElo "1116"]
[PlyCount "97"]
[EventDate "2016.03.04"]
[EventType "swiss"]
[EventRounds "7"]
[EventCountry "GRE"]
[SourceTitle "EXT 2024"]
[Source "ChessBase"]
[SourceDate "2023.10.10"]
[SourceVersion "1"]
[SourceVersionDate "2023.10.10"]
[SourceQuality "1"]

1. e4 Nc6 2. d4 d5 3. exd5 Qxd5 4. Be3 Nf6 5. c4 Qe4 6. Nc3 Qg6 7. d5 Ne5 8. Bf4 Qf5 9. Qd4 Nfd7 10. Nb5 Kd8 11. g3 e6 12. Kd1 Bc5 13. Qd2 Qe4 14. f3 Qf5 15. Bh3 Qg6 16. dxe6 a6 17. exd7 Nxd7 18. Bxc7+ Ke8 19. Nd6+ Bxd6 20. Qxd6 f5 21. Qxg6+ hxg6 22. g4 b5 23. cxb5 axb5 24. gxf5 Ra7 25. Bg3 Bb7 26. Bg4 gxf5 27. Bxf5 Rf8 28. Bg6+ Ke7 29. Be4 Bxe4 30. fxe4 Rf1+ 31. Be1 Ne5 32. Ke2 Rf4 33. Ke3 g5 34. Bg3 Nc4+ 35. Kd4 Rd7+ 36. Kc5 Rxe4 37. Re1 Rxe1 38. Bxe1 Nxb2 39. Kxb5 Rd1 40. Bb4+ Ke6 41. a4 Nd3 42. Bc5 Kd5 43. Be3 Rb1+ 44. Ka5 Kc6 45. h3 Rb8 46. Ba7 Ra8 47. Ka6 Nb4+ 48. Ka5 Nd3 49. Ka6 1/2-1/2

[Event "Athens Smaok U1900 op 35th"]
[Site "Athens"]
[Date "2016.03.04"]
[Round "1.11"]
[White "Loukopoulos, Stefanos"]
[Black "Fotiadis, Kleanthis"]
[Result "0-1"]
[WhiteElo "1116"]
[BlackElo "1545"]
[PlyCount "69"]
[EventDate "2016.03.04"]
[EventType "swiss"]
[EventRounds "7"]
[EventCountry "GRE"]
[SourceTitle "EXT 2024"]
[Source "ChessBase"]
[SourceDate "2023.10.10"]
[SourceVersion "1"]
[SourceVersionDate "2023.10.10"]
[SourceQuality "1"]

1. Nf3 c5 2. e3 Nf6 3. d4 cxd4 4. Nxd4 Nc6 5. c3 a6 6. Bd3 e5 7. Nc2 d5 8. c4 Be6 9. b3 Bc5 10. cxd5 Bxd5 11. 0-0 0-0 12. Nd2 e4 13. Be2 b5 14. a3 Qe7 15. Rb1 Rab8 16. b4 Bb6 17. Bb2 Rfd8 18. Nd4 Nxd4 19. Bxd4 Bxd4 20. exd4 Rd6 21. Nb3 Bxb3 22. Rxb3 Rbd8 23. Qc2 Rxd4 24. Qc3 R4d6 25. Qc5 Nd7 26. Qc2 f5 27. Re3 Nf6 28. f3 Rd2 29. Qb3+ Kh8 30. Bd1 Qd6 31. Bc2 Qd4 32. fxe4 Ng4 33. Rff3 Nxe3 34. Rxe3 Re2 35. exf5 0-1